Dějiny amerického lidu. Díl 4-5 /

Hlavní autor: Wilson, Woodrow, 1856-1924
Jazyk: Čeština
Vydáno: Praha : Stanislav Minařík, 1928
Edice: Poučné spisy Země
Témata:
Fyzický popis: 238, 202 s.
Knihy
Uloženo v:
LEADER 00945nam a22002772a 4500
001 000313041
003 CZ BrMZK
005 20220125114647.0
007 ta
008 040716s1928 xr f |||| 0 cze d
040 |a BOA001  |b cze 
041 1 |a cze  |h eng 
100 1 |a Wilson, Woodrow,  |d 1856-1924  |7 jn20000701973  |4 aut 
245 1 0 |a Dějiny amerického lidu.  |n Díl 4-5 /  |c Woodrow Wilson 
260 |a Praha :  |b Stanislav Minařík,  |c 1928 
300 |a 238, 202 s. 
490 1 |a Poučné spisy Země ;  |v sv. 4, 5 
500 |a Přeloženo z angličtiny 
505 1 0 |g Díl 4.  |t Závažné změny a občanská válka --  |g Díl 5.  |t Sjednocení a znárodnění 
651 7 |a Spojené státy americké  |7 ge128584  |x dějiny  |2 czenas 
830 0 |a Poučné spisy Země 
910 |a BOA001  |b 2-0044.632,4-5 
990 |a BK 
993 |a Y 
991 |b 202201 
996 7 |b 2619847153  |c 2-0044.632,4-5  |l MZK  |r Sklad / do 24 hodin  |n 0  |w 000313041  |u 000010  |a 1  |e BOA001  |j MZK50  |s A